000 01182nam a2200301 i 4500
003 DO-SdBNP
005 20251114082458.0
007 ta
008 250903b2003 dr a|||| |||| 00| 0 spa d
020 _a9789993433491
040 _aDO-SdBNP
_bspa
_cBNPHU
_erda
041 _aeng
082 4 _axxx
_bN714c 2003
_222
100 _aNina T., Ramón
_eautor
_d1951-
_4aut.
_929503
245 1 3 _aThe house of the number family /
_bRamón Nina T.
250 _aFirst edition
264 4 _bSanto Domingo, República Dominicana :
_aThe Library of Congress,
_c©2003.
300 _a91 páginas :
_bilustraciones ;
_c28 cm.
336 _atexto
_btxt
_2rdacontent
337 _asin mediación
_bn
_2rdamedia
338 _avolumen
_bnc
_2rdacarrier
490 0 _aKnowledge
500 _aFrom Middle school / studies
521 _aes un cuento que resalta lo positivo del conocimiento numérico a temprana edad y la necesidad de métodos sencillos y divertidos para su enseñanza. Al mismo tiempo sugiere una conducta social global que permita alcanzar niveles de superación de la especie humana".
590 _aInventariado, 2025 /BT
910 _aBtavárez
942 _2ddc
_cLBS1
999 _c60042
_d60042